|
|
|
|
| LEADER |
01328pam a22003258a 4500 |
| 001 |
00036190 |
| 005 |
20171026081025.0 |
| 008 |
170217s2016 ||||||Viesd |
| 041 |
0 |
# |
|a Vie
|
| 082 |
1 |
4 |
|b NGH305C
|a 546
|
| 100 |
1 |
# |
|a Nguyễn, Thị Quế Trân
|e Chủ nhiệm đề tài
|
| 245 |
1 |
0 |
|b Báo cáo tổng kết đề tài nghiên cứu khoa học và công nghệ cấp cơ sở. Mã số CS2015.02.03
|c Nguyễn Thị Quế Trân (chủ nhiệm đề tài)
|a Nghiên cứu quá trình hấp thụ và xử lý nước của vật liệu biến tính từ vỏ trấu
|
| 260 |
# |
# |
|b Trường Đại học Đồng Tháp
|c 2016
|a Đồng Tháp
|
| 300 |
# |
# |
|a 50tr. +phụ lục
|c 30 cm.
|e 1 bản tóm tắt
|
| 500 |
# |
# |
|a ĐTTS ghi: Bộ Giáo dục và Đào tạo. Trường Đại học Đồng Tháp
|
| 653 |
# |
# |
|a Nghiên cứu khoa học
|
| 653 |
# |
# |
|a hấp thụ
|
| 653 |
# |
# |
|a Xử lý nước
|
| 653 |
# |
# |
|a Tro trấu
|
| 653 |
# |
# |
|a Quá trình
|
| 852 |
# |
# |
|j KH.0000075
|
| 852 |
# |
# |
|b Kho đọc
|j KH.0000075
|
| 910 |
# |
# |
|d 17/02/2017
|
| 980 |
# |
# |
|a Trung tâm Học liệu Lê Vũ Hùng, Trường Đại học Đồng Tháp
|